[Event "HUN-chT2 Barcza 1415"]
[Site "Hungary"]
[Date "2014.09.21"]
[Round "?"]
[White "Papp, Abel"]
[Black "Halmi, Bence"]
[Result "1/2-1/2"]
[WhiteElo "2192"]
[BlackElo "2041"]
[PlyCount "48"]
[EventDate "2014.09.07"]
[EventType "team-tourn"]
[EventRounds "11"]
[EventCountry "HUN"]
[SourceTitle "EXT 2016"]
[Source "ChessBase"]
[SourceDate "2015.10.08"]
[SourceVersion "1"]
[SourceVersionDate "2015.10.08"]
[SourceQuality "1"]
[WhiteTeam "Miskolc Sakkiskola"]
[BlackTeam "Kazincbarcika"]
[WhiteTeamCountry "HUN"]
[BlackTeamCountry "HUN"]

1. e4 e6 2. d3 d5 3. Qe2 Nf6 4. g3 b6 5. e5 Nfd7 6. Bg2 Bb7 7. Nf3 c5 8. 0-0 Nc6 9. Re1 Qc7 10. c3 Be7 11. h4 h6 12. h5 0-0-0 13. a3 Ba6 14. Nbd2 d4 15. c4 Bb7 16. Nf1 Rdg8 17. N1h2 g6 18. hxg6 Rxg6 19. Bf4 h5 20. Kf1 a5 21. b3 Bd8 22. Bh3 Rhg8 23. Rab1 h4 24. g4 Rh8 1/2-1/2

[Event "HUN-chT2 Barcza 1213"]
[Site "Hungary"]
[Date "2013.01.27"]
[Round "6.6"]
[White "Pinczes, Gyula"]
[Black "Halmi, Bence"]
[Result "0-1"]
[WhiteElo "1830"]
[BlackElo "2037"]
[PlyCount "92"]
[EventDate "2012.09.16"]
[EventType "team-tourn"]
[EventRounds "11"]
[EventCountry "HUN"]
[SourceTitle "EXT 2014"]
[Source "ChessBase"]
[SourceDate "2013.11.20"]
[SourceVersion "1"]
[SourceVersionDate "2013.11.20"]
[SourceQuality "1"]
[WhiteTeam "Nadudvar"]
[BlackTeam "Kazincbarcika"]
[WhiteTeamCountry "HUN"]
[BlackTeamCountry "HUN"]

1. d4 d5 2. Nf3 Nf6 3. e3 e6 4. c4 Be7 5. Nc3 b6 6. Qb3 Bb7 7. c5 Nc6 8. cxb6 cxb6 9. Bb5 0-0 10. Bd2 Na5 11. Qc2 Rc8 12. a3 Nc4 13. Bxc4 dxc4 14. e4 a6 15. 0-0 b5 16. Bg5 Nd5 17. Bxe7 Nxe7 18. Rad1 Qb6 19. Na2 Rfd8 20. Rfe1 a5 21. Qd2 Ng6 22. Qg5 h6 23. Qg4 b4 24. Rb1 Qd6 25. Qh5 Qb6 26. Qg4 Bc6 27. h4 Ba4 28. Re2 Bb3 29. Nc1 Bd1 30. Rd2 Bxf3 31. Qxf3 Rxd4 32. Rxd4 Qxd4 33. h5 Ne5 34. Qf4 Qd1+ 35. Kh2 Nd3 36. Nxd3 Qxb1 37. Ne5 f6 38. Ng6 Qxb2 39. Ne7+ Kf8 40. Nxc8 Qe5 41. Qxe5 fxe5 42. axb4 axb4 43. Nb6 c3 44. Nd7+ Ke7 45. Nxe5 c2 46. Nd3 b3 0-1

[Event "HUN-chT2 Maroczy 1112"]
[Site "Hungary"]
[Date "2011.11.12"]
[Round "4"]
[White "Balogh, Farkas"]
[Black "Halmi, Bence"]
[Result "0-1"]
[WhiteElo "1750"]
[BlackElo "2037"]
[PlyCount "74"]
[EventDate "2011.09.25"]
[EventType "team-tourn"]
[EventRounds "11"]
[EventCountry "HUN"]
[SourceTitle "EXT 2013"]
[Source "ChessBase"]
[SourceDate "2012.11.22"]
[SourceVersion "1"]
[SourceVersionDate "2012.11.22"]
[SourceQuality "1"]
[WhiteTeam "Miskolc EMSE"]
[BlackTeam "Kazincbarcika"]
[WhiteTeamCountry "HUN"]
[BlackTeamCountry "HUN"]

1. e4 e6 2. d4 d5 3. exd5 exd5 4. Nf3 Bd6 5. Nc3 Ne7 6. Bg5 f6 7. Be3 c6 8. h3 Qc7 9. Bd3 Bf5 10. a3 Nd7 11. Nh4 Bxd3 12. Qxd3 0-0-0 13. 0-0-0 Nb6 14. g3 Nc4 15. Na4 Qa5 16. Qb3 Nxe3 17. fxe3 Bxg3 18. Nf3 Bd6 19. Nd2 Nf5 20. Nf1 Rhe8 21. Qd3 g6 22. Nc3 Qc7 23. Kb1 Re6 24. e4 dxe4 25. Nxe4 Bxa3 26. bxa3 Rxd4 27. Qf3 Rdxe4 28. Nd2 Re3 29. Qf2 Qb6+ 30. Kc1 Qc5 31. Nb1 Nd4 32. Rd2 Nb3+ 33. Kb2 Nxd2 34. Qxd2 Re2 35. Qd1 Qb5+ 36. Kc1 Qa5 37. Rf1 Re1 0-1

[Event "HUN-chT U18"]
[Site "Miskolc"]
[Date "2010.11.02"]
[Round "1.13"]
[White "Halmi, Bence"]
[Black "Nagybiro, Laszlo"]
[Result "1-0"]
[WhiteElo "2080"]
[BlackElo "1634"]
[PlyCount "120"]
[EventDate "2010.11.02"]
[EventType "team-swiss"]
[EventRounds "8"]
[EventCountry "HUN"]
[SourceTitle "EXT 2016"]
[Source "ChessBase"]
[SourceDate "2015.10.08"]
[SourceVersion "1"]
[SourceVersionDate "2015.10.08"]
[SourceQuality "1"]

1. e4 e5 2. Nf3 Nc6 3. Nc3 Nf6 4. d4 exd4 5. Nxd4 Bb4 6. Nxc6 bxc6 7. Bd3 Bxc3+ 8. bxc3 d6 9. Bg5 h6 10. Bh4 0-0 11. 0-0 Qe7 12. Qf3 g5 13. Bg3 Bb7 14. Rfe1 c5 15. Qd1 Nd7 16. f4 f6 17. Qh5 Qg7 18. Bc4+ Kh8 19. Be6 Rad8 20. Rad1 Nb6 21. f5 Ba6 22. h4 Bc4 23. Bxc4 Nxc4 24. hxg5 Qxg5 25. Qh3 Rg8 26. Bh4 Qg7 27. Rd3 Rdf8 28. Rg3 Qh7 29. Rf1 Ne5 30. Rb1 Rxg3 31. Qxg3 Qf7 32. Rb7 Nc6 33. Qf4 Qg7 34. Bf2 Rg8 35. g3 Rb8 36. Rxb8+ Nxb8 37. Be3 Kh7 38. Qh4 Nd7 39. Kg2 Ne5 40. Qh5 Nc4 41. Bf4 Na3 42. Qe2 Qf7 43. Bd2 Nc4 44. Bf4 c6 45. Qd3 d5 46. exd5 Qxd5+ 47. Kh3 Nb2 48. Qxd5 cxd5 49. Be3 a6 50. Kg4 c4 51. Bd4 Kg7 52. Kf3 Na4 53. Kg4 Nb2 54. Kh5 Nd1 55. g4 a5 56. a3 a4 57. Kh4 Kh7 58. Kg3 Kg7 59. Kf3 Kf7 60. Ke2 Nb2 1-0

[Event "HUN-ch U18"]
[Site "Budapest"]
[Date "2010.07.04"]
[Round "9"]
[White "Halmi, Bence"]
[Black "Nemeth, Denes"]
[Result "1/2-1/2"]
[WhiteElo "2081"]
[BlackElo "2099"]
[PlyCount "30"]
[EventDate "2010.06.26"]
[EventType "swiss"]
[EventRounds "9"]
[EventCountry "HUN"]
[SourceTitle "CBM 137 Extra"]
[Source "ChessBase"]
[SourceDate "2010.09.01"]
[SourceVersion "1"]
[SourceVersionDate "2010.09.01"]
[SourceQuality "1"]

1. e4 c5 2. Nf3 d6 3. Bb5+ Bd7 4. Bxd7+ Qxd7 5. 0-0 Nc6 6. c3 Nf6 7. Re1 e6 8. d4 cxd4 9. cxd4 d5 10. e5 Ne4 11. Nbd2 Nxd2 12. Bxd2 Be7 13. Rc1 0-0 14. Re3 Rac8 15. Rec3 Rfd8 1/2-1/2

[Event "HUN-chT U18"]
[Site "Miskolc"]
[Date "2009.10.29"]
[Round "6.4"]
[White "Erdos, Boglarka"]
[Black "Halmi, Bence"]
[Result "1-0"]
[WhiteElo "2140"]
[BlackElo "2036"]
[PlyCount "155"]
[EventDate "2009.10.26"]
[EventType "team-swiss"]
[EventRounds "8"]
[EventCountry "HUN"]
[SourceTitle "EXT 2016"]
[Source "ChessBase"]
[SourceDate "2015.10.08"]
[SourceVersion "1"]
[SourceVersionDate "2015.10.08"]
[SourceQuality "1"]

1. e4 e6 2. d4 d5 3. Nc3 dxe4 4. Nxe4 Nd7 5. Nf3 Ngf6 6. Nxf6+ Nxf6 7. c3 c5 8. Be3 Nd5 9. Ne5 Bd6 10. Bb5+ Kf8 11. Qf3 Qf6 12. Qe4 Nxe3 13. fxe3 Bxe5 14. dxe5 Qf5 15. Qh4 g5 16. Qh6+ Ke7 17. Qg7 Bd7 18. Bd3 Qxd3 19. Qf6+ Ke8 20. Qxh8+ Ke7 21. Qf6+ Ke8 22. Qf2 Ba4 23. Qe2 Rd8 24. Qxd3 Rxd3 25. b3 Bc6 26. Ke2 Rd5 27. Rhf1 Rxe5 28. Kf2 f5 29. Rad1 Ke7 30. Rd2 h5 31. Rfd1 Rd5 32. Rxd5 exd5 33. h4 Kf6 34. hxg5+ Kxg5 35. c4 dxc4 36. bxc4 a6 37. Rd8 Be4 38. Rc8 Bc6 39. Kg3 Kf6 40. Rh8 Kg5 41. Rg8+ Kf6 42. Kf4 Be4 43. g3 Bd3 44. Rc8 Bxc4 45. a3 Bd3 46. Rxc5 Be4 47. Rc7 Bc6 48. Rh7 Kg6 49. Re7 Kf6 50. Re5 Be4 51. Re8 Bc2 52. Rh8 Kg6 53. Rb8 Be4 54. Rg8+ Kh6 55. Ke5 Kh7 56. Rg5 Kh6 57. Kf6 b5 58. Rg6+ Kh7 59. Kg5 a5 60. Rh6+ Kg7 61. Ra6 a4 62. Ra7+ Kf8 63. Kxh5 Ke8 64. Kg5 Kd8 65. g4 fxg4 66. Kxg4 Kc8 67. Rf7 b4 68. Rf4 Bc2 69. Rxb4 Kd7 70. e4 Ke7 71. Kf5 Kf7 72. Rb7+ Ke8 73. Ke6 Kd8 74. e5 Bb3+ 75. Kd6 Ke8 76. e6 Kf8 77. e7+ Ke8 78. Rb8+ 1-0

[Event "HUN-chT U18"]
[Site "Miskolc"]
[Date "2009.10.28"]
[Round "5.1"]
[White "Halmi, Bence"]
[Black "Eltigani, Omar"]
[Result "0-1"]
[WhiteElo "2036"]
[BlackElo "2276"]
[PlyCount "76"]
[EventDate "2009.10.26"]
[EventType "team-swiss"]
[EventRounds "8"]
[EventCountry "HUN"]
[SourceTitle "EXT 2016"]
[Source "ChessBase"]
[SourceDate "2015.10.08"]
[SourceVersion "1"]
[SourceVersionDate "2015.10.08"]
[SourceQuality "1"]

1. e4 c5 2. Nf3 e6 3. d3 Nc6 4. c3 d5 5. Qe2 Nge7 6. g3 g6 7. Bg2 Bg7 8. 0-0 b6 9. Re1 0-0 10. e5 Ba6 11. Nbd2 Qc7 12. Nf1 Rad8 13. h4 b5 14. N1h2 d4 15. cxd4 Nxd4 16. Nxd4 Rxd4 17. Nf3 Rd7 18. b4 cxb4 19. Bb2 Rfd8 20. d4 Nd5 21. a4 Qb6 22. a5 Qb8 23. Rec1 Rc8 24. Nd2 Nc3 25. Qe3 Na4 26. Qb3 Bxe5 27. Rxc8+ Qxc8 28. Nf3 Bg7 29. Qxb4 Nxb2 30. Qxb2 Bb7 31. Qxb5 Bxf3 32. Bxf3 Bxd4 33. Rf1 Kg7 34. a6 Rd6 35. Bb7 Qc3 36. Qe2 Qxg3+ 37. Kh1 Qxh4+ 38. Kg2 Qg5+ 0-1

[Event "HUN-chT U18"]
[Site "Miskolc"]
[Date "2009.10.27"]
[Round "3.8"]
[White "Suhajda, Attila"]
[Black "Halmi, Bence"]
[Result "0-1"]
[WhiteElo "1765"]
[BlackElo "2036"]
[PlyCount "150"]
[EventDate "2009.10.26"]
[EventType "team-swiss"]
[EventRounds "8"]
[EventCountry "HUN"]
[SourceTitle "EXT 2016"]
[Source "ChessBase"]
[SourceDate "2015.10.08"]
[SourceVersion "1"]
[SourceVersionDate "2015.10.08"]
[SourceQuality "1"]

1. d4 d5 2. c4 e6 3. Nc3 Nf6 4. Bg5 Be7 5. Nf3 h6 6. Bh4 0-0 7. e3 b6 8. cxd5 Nxd5 9. Bxe7 Qxe7 10. Bd3 Bb7 11. 0-0 Nd7 12. Rc1 c5 13. Re1 cxd4 14. exd4 Qf6 15. Ne4 Qf4 16. Ng3 Rac8 17. Ne2 Rxc1 18. Qxc1 Qd6 19. a3 Rc8 20. Qd2 N5f6 21. Qf4 Qxf4 22. Nxf4 Bxf3 23. gxf3 Nb8 24. Kg2 Kf8 25. Bb1 Nc6 26. Rc1 Ne7 27. Rxc8+ Nxc8 28. Be4 Nd6 29. Bd3 g5 30. Ne2 Nd5 31. Be4 Ne7 32. b3 Nef5 33. d5 Nh4+ 34. Kg3 f5 35. Bd3 exd5 36. Nd4 Kf7 37. Nc6 a5 38. Nd4 Kf6 39. Ne2 Ng6 40. Nc3 Ke5 41. Ne2 Nb7 42. b4 Nd8 43. Bb5 Ne6 44. Be8 Ngf4 45. Nc1 Kd4 46. bxa5 bxa5 47. Nb3+ Kc3 48. Nxa5 d4 49. Nc6 d3 50. Ne7 d2 51. Ba4 Ne2+ 52. Kg2 f4 53. Kf1 N6d4 54. Bd1 Kd3 55. Nd5 Nc3 56. Nxc3 Kxc3 57. a4 Kb4 58. h3 Ka5 59. Kg2 Kb4 60. Kf1 Kc5 61. Kg2 Kd5 62. Kf1 Ke5 63. Kg2 Kd6 64. h4 gxh4 65. Kg1 Nc6 66. Kh2 Nb4 67. Kh3 Nd3 68. Kxh4 Nxf2 69. Be2 d1Q 70. Bxd1 Nxd1 71. Kg4 Ke5 72. a5 Nc3 73. a6 Nb5 74. Kh5 Kd4 75. Kxh6 Ke3 0-1

[Event "HUN-ch U18"]
[Site "Balatonlelle"]
[Date "2009.07.05"]
[Round "9"]
[White "Halmi, Bence"]
[Black "Veszpremi, Andras"]
[Result "1/2-1/2"]
[WhiteElo "1992"]
[BlackElo "2245"]
[PlyCount "43"]
[EventDate "2009.06.27"]
[EventType "swiss"]
[EventRounds "9"]
[EventCountry "HUN"]
[SourceTitle "EXT 2011"]
[Source "ChessBase"]
[SourceDate "2010.11.26"]
[SourceVersion "1"]
[SourceVersionDate "2010.11.26"]
[SourceQuality "1"]

1. e4 c5 2. Nf3 Nc6 3. Bb5 g6 4. Bxc6 bxc6 5. h4 h5 6. d4 Bg7 7. dxc5 Nf6 8. Qd4 0-0 9. 0-0 Rb8 10. c3 a5 11. Qc4 Qc7 12. Bg5 Rxb2 13. Qd3 Qa7 14. e5 Ng4 15. Bxe7 Re8 16. Qd6 Ba6 17. Re1 Rxf2 18. Nbd2 Rxe7 19. Qxe7 Bf8 20. Qd8 Qxc5 21. Kh1 Bd3 22. Qxd7 1/2-1/2

[Event "HUN-ch U18"]
[Site "Balatonlelle"]
[Date "2009.07.03"]
[Round "7"]
[White "Szepes, Tamas"]
[Black "Halmi, Bence"]
[Result "1/2-1/2"]
[WhiteElo "2096"]
[BlackElo "1992"]
[PlyCount "73"]
[EventDate "2009.06.27"]
[EventType "swiss"]
[EventRounds "9"]
[EventCountry "HUN"]
[SourceTitle "EXT 2011"]
[Source "ChessBase"]
[SourceDate "2010.11.26"]
[SourceVersion "1"]
[SourceVersionDate "2010.11.26"]
[SourceQuality "1"]

1. d4 d5 2. c4 e6 3. Nf3 Nf6 4. g3 Be7 5. Bg2 0-0 6. 0-0 b6 7. cxd5 exd5 8. Nc3 Bb7 9. Bf4 Nh5 10. Be3 Nd7 11. Rc1 Nhf6 12. Qa4 c5 13. Rfd1 a6 14. Qc2 c4 15. Ne5 b5 16. a3 Nb6 17. Qf5 Qc8 18. Qf3 Qe8 19. h4 a5 20. Bg5 b4 21. Nb1 Ne4 22. Bxe7 Qxe7 23. Qf4 Nf6 24. e4 Nxe4 25. Bxe4 dxe4 26. Nxc4 Nd5 27. Qd6 Rfd8 28. Qxe7 Nxe7 29. Ne3 Rac8 30. Rxc8 Rxc8 31. d5 Rd8 32. axb4 axb4 33. Rd4 Nxd5 34. Nxd5 Bxd5 35. Rxb4 f5 36. Nc3 Be6 37. g4 1/2-1/2

[Event "HUN-chT2 Maroczy 0809"]
[Site "Hungary"]
[Date "2008.11.30"]
[Round "3"]
[White "Albert, Kornelia"]
[Black "Halmi, Bence"]
[Result "0-1"]
[WhiteElo "2158"]
[BlackElo "1991"]
[PlyCount "118"]
[EventDate "2008.10.26"]
[EventType "team-tourn"]
[EventRounds "11"]
[EventCountry "HUN"]
[SourceTitle "EXT 2010"]
[Source "ChessBase"]
[SourceDate "2010.11.25"]
[SourceVersion "1"]
[SourceVersionDate "2010.11.25"]
[SourceQuality "1"]
[WhiteTeam "MLTC II"]
[BlackTeam "Miskolc EMSE"]
[WhiteTeamCountry "HUN"]
[BlackTeamCountry "HUN"]

1. e4 e6 2. d4 d5 3. Nc3 dxe4 4. Nxe4 Nd7 5. Nf3 Ngf6 6. Bd3 c5 7. 0-0 cxd4 8. Nxd4 Nc5 9. Bb5+ Bd7 10. Bxd7+ Nfxd7 11. Qe2 Qb6 12. Ng3 Be7 13. c3 0-0 14. b4 Na6 15. Be3 Qd8 16. Nb5 b6 17. Nd4 Qc8 18. a3 Nc7 19. Nc6 Nd5 20. Nxe7+ Nxe7 21. c4 Qb7 22. Bg5 Nc6 23. Nh5 Nd4 24. Qg4 Nf5 25. Rfe1 g6 26. Nf6+ Nxf6 27. Bxf6 Rfc8 28. Rac1 Rc7 29. Re5 Rac8 30. Rxf5 exf5 31. Qf4 Qc6 32. Bb2 Qe6 33. Qd4 f6 34. c5 bxc5 35. bxc5 Rxc5 36. Rd1 R5c7 37. h3 Qb6 38. Qxf6 Qxf6 39. Bxf6 Rc1 40. Rf1 Kf7 41. Bd4 a6 42. g3 Ke6 43. Kg2 Rxf1 44. Kxf1 Kd5 45. Bf6 Kc4 46. Be7 Kb3 47. Bd6 Ka4 48. Ke2 Rc3 49. Kd2 Rf3 50. Bc5 Rxa3 51. Bxa3 Kxa3 52. Kc3 a5 53. Kc4 Kb2 54. Kb5 Kc3 55. Kxa5 Kd3 56. Kb4 Ke2 57. f4 Kf3 58. Kc4 Kxg3 59. Kd3 Kxf4 0-1

[Event "HUN-chT U18"]
[Site "Miskolc"]
[Date "2008.10.30"]
[Round "7.10"]
[White "Smideliusz, Mark"]
[Black "Halmi, Bence"]
[Result "1/2-1/2"]
[WhiteElo "1867"]
[BlackElo "1991"]
[PlyCount "42"]
[EventDate "2008.10.27"]
[EventType "team-swiss"]
[EventRounds "8"]
[EventCountry "HUN"]
[SourceTitle "EXT 2016"]
[Source "ChessBase"]
[SourceDate "2015.10.08"]
[SourceVersion "1"]
[SourceVersionDate "2015.10.08"]
[SourceQuality "1"]

1. e4 e6 2. d4 d5 3. Nd2 dxe4 4. Nxe4 Nd7 5. Nf3 Ngf6 6. Nxf6+ Nxf6 7. Bd3 c5 8. Bg5 cxd4 9. Nxd4 Bc5 10. Nf3 Qb6 11. 0-0 h6 12. Bc1 Bd7 13. b3 0-0-0 14. Qe2 Nd5 15. a3 Be7 16. c4 Bf6 17. cxd5 Bxa1 18. Be3 Qxb3 19. Rxa1 Qxd5 20. Bxa7 Bc6 21. Ne1 Qa5 1/2-1/2

[Event "HUN-chT2 Barcza 0708"]
[Site "Hungary"]
[Date "2008.05.18"]
[Round "11"]
[White "Halmi, Bence"]
[Black "Csolto, Tibor Jr"]
[Result "0-1"]
[WhiteElo "1983"]
[BlackElo "2173"]
[PlyCount "56"]
[EventDate "2007.10.14"]
[EventType "team"]
[EventRounds "11"]
[EventCountry "HUN"]
[SourceTitle "EXT 2009"]
[Source "ChessBase"]
[SourceDate "2008.11.26"]
[SourceVersion "1"]
[SourceVersionDate "2008.11.26"]
[SourceQuality "1"]
[WhiteTeam "Miskolc II"]
[BlackTeam "Kazincbarcika II"]
[WhiteTeamCountry "HUN"]
[BlackTeamCountry "HUN"]

1. e4 c5 2. Nf3 d6 3. Bb5+ Nd7 4. 0-0 Ngf6 5. e5 dxe5 6. Nxe5 a6 7. Bxd7+ Nxd7 8. d4 e6 9. Nxd7 Qxd7 10. Be3 c4 11. Nc3 Bb4 12. Ne4 0-0 13. c3 Be7 14. Qg4 f5 15. Qe2 fxe4 16. Qxc4 b5 17. Qe2 Bb7 18. Rfd1 Rf5 19. Rac1 Bg5 20. Bxg5 Rxg5 21. b3 Rf8 22. Qe3 Qe7 23. c4 Rf3 24. Qe2 Rf4 25. g3 Rf3 26. Rd2 Qf6 27. cxb5 e3 28. fxe3 Rfxg3+ 0-1

[Event "HUN-chT2 Barcza 0708"]
[Site "Hungary"]
[Date "2008.02.17"]
[Round "6"]
[White "Halmi, Bence"]
[Black "Ivanyi, Ferenc"]
[Result "1-0"]
[WhiteElo "1984"]
[BlackElo "1937"]
[PlyCount "79"]
[EventDate "2007.10.14"]
[EventType "team"]
[EventRounds "11"]
[EventCountry "HUN"]
[SourceTitle "EXT 2009"]
[Source "ChessBase"]
[SourceDate "2008.11.26"]
[SourceVersion "1"]
[SourceVersionDate "2008.11.26"]
[SourceQuality "1"]
[WhiteTeam "Miskolc II"]
[BlackTeam "Tiszaujvaros"]
[WhiteTeamCountry "HUN"]
[BlackTeamCountry "HUN"]

1. e4 c5 2. Nf3 Nc6 3. Bb5 g6 4. Bxc6 dxc6 5. 0-0 Bg7 6. h3 Nf6 7. Re1 0-0 8. c3 Qc7 9. d4 Rd8 10. Qc2 cxd4 11. cxd4 Ne8 12. Be3 Be6 13. Nc3 Rac8 14. Rac1 f6 15. Qa4 Qb8 16. d5 Bf7 17. Bxa7 Qa8 18. Bb6 Qxa4 19. Nxa4 cxd5 20. Bxd8 Rxd8 21. exd5 Bf8 22. Nc3 Nc7 23. Nd4 Nxd5 24. Nxd5 Rxd5 25. Ne6 Bxe6 26. Rxe6 Rb5 27. b3 Kf7 28. Re2 Bh6 29. Rc7 Bf8 30. Rd2 f5 31. Rdd7 b6 32. Rd3 Bg7 33. a4 Rb4 34. Rc4 Rxc4 35. bxc4 Ke8 36. c5 bxc5 37. a5 c4 38. a6 cxd3 39. a7 d2 40. a8Q+ 1-0

[Event "HUN-chT2 Barcza 0708"]
[Site "Hungary"]
[Date "2007.11.25"]
[Round "3"]
[White "Botragyi, Tibor"]
[Black "Halmi, Bence"]
[Result "1-0"]
[WhiteElo "2147"]
[BlackElo "1984"]
[PlyCount "38"]
[EventDate "2007.10.14"]
[EventType "team"]
[EventRounds "11"]
[EventCountry "HUN"]
[SourceTitle "EXT 2009"]
[Source "ChessBase"]
[SourceDate "2008.11.26"]
[SourceVersion "1"]
[SourceVersionDate "2008.11.26"]
[SourceQuality "1"]
[WhiteTeam "Lokomotiv"]
[BlackTeam "Miskolc II"]
[WhiteTeamCountry "HUN"]
[BlackTeamCountry "HUN"]

1. e4 e6 2. d4 d5 3. Nd2 dxe4 4. Nxe4 Nd7 5. Nf3 Ngf6 6. Nxf6+ Nxf6 7. Bd3 c5 8. dxc5 Bxc5 9. 0-0 0-0 10. Bg5 Be7 11. Qe2 Nd5 12. Qe4 g6 13. Bh6 Re8 14. Rad1 Qc7 15. Ne5 Nf6 16. Qe2 a6 17. Rfe1 b5 18. Qf3 Bb7 19. Qf4 Bd8 1-0

[Event "HUN-chT2 Maroczy 0607"]
[Site "Hungary"]
[Date "2007.05.06"]
[Round "10"]
[White "Olah, Janos"]
[Black "Halmi, Bence"]
[Result "1-0"]
[WhiteElo "1992"]
[BlackElo "1977"]
[PlyCount "39"]
[EventDate "2006.11.12"]
[EventType "team"]
[EventRounds "11"]
[EventCountry "HUN"]
[SourceTitle "EXT 2008"]
[Source "ChessBase"]
[SourceDate "2007.11.25"]
[SourceVersion "1"]
[SourceVersionDate "2007.11.25"]
[SourceQuality "1"]
[WhiteTeam "Maroczy"]
[BlackTeam "Miskolc EMSE"]
[WhiteTeamCountry "HUN"]
[BlackTeamCountry "HUN"]

1. d4 d5 2. Bf4 Nf6 3. Nf3 e6 4. e3 Be7 5. Bd3 h6 6. Ne5 b6 7. c3 Bb7 8. 0-0 0-0 9. g4 Ne4 10. f3 Nd6 11. Nd2 Bg5 12. Bxg5 Qxg5 13. f4 Qd8 14. g5 Ne4 15. Bxe4 dxe4 16. gxh6 gxh6 17. Qh5 Qf6 18. Kh1 Kh8 19. f5 Ba6 20. c4 1-0

[Event "HUN-chT2 Barcza 0607"]
[Site "Hungary"]
[Date "2007.02.18"]
[Round "5"]
[White "Hegedus, Rafael"]
[Black "Halmi, Bence"]
[Result "1-0"]
[WhiteElo "2159"]
[BlackElo "1936"]
[PlyCount "109"]
[EventDate "2006.11.12"]
[EventType "team"]
[EventRounds "11"]
[EventCountry "HUN"]
[SourceTitle "EXT 2008"]
[Source "ChessBase"]
[SourceDate "2007.11.25"]
[SourceVersion "1"]
[SourceVersionDate "2007.11.25"]
[SourceQuality "1"]
[WhiteTeam "Mezokovesd"]
[BlackTeam "Miskolc EMSE II"]
[WhiteTeamCountry "HUN"]
[BlackTeamCountry "HUN"]

1. e4 e6 2. d4 d5 3. Nd2 dxe4 4. Nxe4 Nd7 5. Be3 Ngf6 6. Nc3 b6 7. h3 Bb7 8. Nf3 Be7 9. Be2 0-0 10. 0-0 c5 11. dxc5 Nxc5 12. Qxd8 Rfxd8 13. Rfd1 Rac8 14. a4 Rxd1+ 15. Rxd1 Nce4 16. Nxe4 Bxe4 17. c3 Bc2 18. Ra1 Bc5 19. Nd4 Be4 20. b4 Bxd4 21. Bxd4 Nd5 22. Ba6 Rc7 23. Be5 Rc6 24. f3 Bc2 25. Bb7 Rc4 26. a5 f6 27. axb6 axb6 28. Bxd5 exd5 29. Bd4 b5 30. Ra8+ Kf7 31. Ra7+ Kg6 32. Rd7 Bb3 33. Rxd5 Rxb4 34. Rc5 Rc4 35. Rxb5 Ba4 36. Ra5 Bb3 37. Ra7 Rc6 38. Kf2 Bc4 39. g4 h6 40. h4 Kh7 41. Kg3 Kg8 42. g5 hxg5 43. hxg5 Bd5 44. Kg4 Bf7 45. f4 fxg5 46. Kxg5 Rg6+ 47. Kf5 Rc6 48. Be5 Be6+ 49. Kg5 Bf7 50. Kg4 Rg6+ 51. Kf3 Rc6 52. Ke4 Rc4+ 53. Kd3 Kf8 54. Bxg7+ Kxg7 55. Rxf7+ 1-0

[Event "HUN-chT2 Barcza 0506"]
[Site "Hungary"]
[Date "2006.02.12"]
[Round "7"]
[White "Halmi, Bence"]
[Black "Hibjan, Tamas"]
[Result "0-1"]
[WhiteElo "1875"]
[BlackElo "2090"]
[PlyCount "92"]
[EventDate "2005.10.16"]
[EventType "team"]
[EventRounds "11"]
[EventCountry "HUN"]
[SourceTitle "EXT 2009"]
[Source "ChessBase"]
[SourceDate "2008.11.26"]
[SourceVersion "1"]
[SourceVersionDate "2008.11.26"]
[SourceQuality "1"]
[WhiteTeam "Kozma Auto"]
[BlackTeam "Szabolcs Volan"]
[WhiteTeamCountry "HUN"]
[BlackTeamCountry "HUN"]

1. e4 c5 2. Nf3 d6 3. d3 Nc6 4. h3 g6 5. c3 Nf6 6. g3 Bg7 7. Bg2 0-0 8. 0-0 Qc7 9. Qe2 Re8 10. Re1 e5 11. Bg5 Be6 12. Nbd2 h6 13. Bxf6 Bxf6 14. c4 a6 15. Nf1 Nd4 16. Nxd4 cxd4 17. Qd2 Kg7 18. h4 b5 19. b3 bxc4 20. bxc4 Reb8 21. Reb1 Bd8 22. Qc2 Bd7 23. Bf3 a5 24. Rxb8 Rxb8 25. Rb1 Ba4 26. Qc1 Rb6 27. Bd1 Bd7 28. Qc2 a4 29. Nd2 Qc5 30. Rxb6 Bxb6 31. Qb2 Ba5 32. Nb1 Qb4 33. Qxb4 Bxb4 34. Kf1 f5 35. f3 Kf6 36. Kf2 fxe4 37. fxe4 g5 38. Kf3 gxh4 39. gxh4 Be1 40. Na3 Bxh4 41. Nb5 h5 42. Bxa4 Be1 43. Bc2 Bg4+ 44. Kg2 Ke7 45. Kf1 Bd2 46. Kg2 h4 0-1